| 000 | 00331nam a2200121 4500 | ||
|---|---|---|---|
| 008 | 240219b |||||||| |||| 00| 0 eng d | ||
| 022 | _a19972997 | ||
| 245 | _aEthics in action-Vol. 3, no. 4 (August 2009) | ||
| 260 |
_aHong Kong : _bAsian human rights commission, _c2009 |
||
| 300 | _b30 p. | ||
| 650 | _aIslam -- Ethics | ||
| 942 | _cCR | ||
| 999 |
_c4770 _d4770 |
||